书目信息 |
| 题名: |
折叠的程序
|
|
| 作者: | 包瑞清 | |
| 分册: | ||
| 出版信息: | 南京 江苏凤凰科学技术出版社 2015.06 |
|
| 页数: | 269页 | |
| 开本: | 20cm | |
| 丛书名: | ||
| 单 册: | ||
| 中图分类: | TP311.1 | |
| 科图分类: | ||
| 主题词: | 软件 | |
| 电子资源: | ||
| ISBN: | 7-5537-4539-1 | |
| 000 | 00546nam0 2200193 450 | |
| 001 | 1830 | |
| 005 | 20161201142716.59 | |
| 010 | @a7-5537-4539-1@dCNY128.00 | |
| 100 | @a20150807d2015 km y0chiy0120 ea | |
| 101 | 0 | @achi |
| 200 | 1 | @a折叠的程序@Azhe die de cheng xu@f包瑞清@Fbao rui qing |
| 210 | @a南京@c江苏凤凰科学技术出版社@d2015.06 | |
| 215 | @a269页@d20cm | |
| 330 | @a程序设计 | |
| 606 | 0 | @a软件 |
| 690 | @aTP311.1@v4 | |
| 701 | 0 | @a包瑞清@Abao rui qing |
| 801 | 0 | @aCN@b大连网信软件有限公司图书馆·11@c20161201 |
| 905 | @aZUCC@dTP311.1@e1003 | |
| 折叠的程序/包瑞清.-南京:江苏凤凰科学技术出版社,2015.06 |
| 269页;20cm |
| ISBN 7-5537-4539-1:CNY128.00 |
| 程序设计 |
| ● |
| 相关链接 |
|
|
|
|
正题名:折叠的程序
索取号:TP311.1/1003
 
预约/预借
| 序号 | 登录号 | 条形码 | 馆藏地/架位号 | 状态 | 备注 |
| 1 | 909939 | 209099394 | 第二样本阅览室/ [索取号:TP311.1/1003] | 在馆 | |
| 2 | 909940 | 209099401 | 密集书库—计算机科学学院/ [索取号:TP311.1/1003] | 在馆 | |
| 3 | 909941 | 209099410 | 第三借阅区/ [索取号:TP311.1/1003] | 在馆 | |
| 4 | 909942 | 209099429 | 第三借阅区/ [索取号:TP311.1/1003] | 在馆 |